| 000 | 00869nam a2200241 u 4500 | ||
|---|---|---|---|
| 005 | 20231128063931.0 | ||
| 008 | 121015s2004 r 000 0 eng d | ||
| 020 | _a9702908159 (v.1) | ||
| 020 | _a9702909244 (v. 2) | ||
| 020 | _a9702909600 (v. 3) | ||
| 020 | _a9702909619 (v. 4) | ||
| 035 | _aUPN01000187489 | ||
| 049 | _aI | ||
| 050 | 4 |
_aF1219 _bN3.3 |
|
| 100 | 1 |
_aNavarrete Linares, Federico, _d1964- _931714 |
|
| 245 | 1 | 0 |
_aHistoria de los pueblos indígenas / _cFederico Navarrete ; il. Magdalena Juárez. |
| 260 |
_aMéxico : _bSantillana, _cc2004. |
||
| 300 |
_av. _bil. col. |
||
| 505 | 8 |
_aContenido : _gv.1. _tLos orígenes de una civilización -- _gv. 2. _tEl esplendor de una civilización -- _gv. 3. _tCambios en el mundo indígena -- _gv. 4. _tUn mundo nuevo |
|
| 650 | 4 |
_aIndígenas de México _xHistoria _912765 |
|
| 905 | _aLibro | ||
| 999 |
_c159592 _d159592 |
||